| 000 | 00880nam a22002535a 4500 | ||
|---|---|---|---|
| 008 | 120315s2009 paua|||fr|||| 001 0 eng d | ||
| 020 | _a9780443074516 | ||
| 040 |
_aEG-ScBUE _beng _cEG-ScBUE |
||
| 082 | 0 | 4 |
_222 _bMEN _a610.7368 |
| 245 | 0 | 0 |
_aMental health nursing : _ban evidence-based approach / _cEdited by Robert Newell, Kevin Gournay. |
| 250 | _a2nd ed. | ||
| 260 |
_aPhiladelphia : _bChurchill Livingstone / Elsevier, _c2009. |
||
| 300 |
_axi, 419 p. : _bill. ; _c25 cm. |
||
| 500 | _aIndex : p. 393-419. | ||
| 504 | _aIncludes bibliographical references. | ||
| 590 | _ayassmeen ashraf | ||
| 650 | 0 |
_910237 _aPsychiatric nursing. _2BUEsh |
|
| 650 | 0 |
_910239 _aMental Disorders _xnursing. _2BUEsh |
|
| 651 | _2BUEsh | ||
| 653 |
_bNNUR _cAugust2015 |
||
| 700 | 1 |
_929379 _aGourany, Kevin, _eeditor. |
|
| 700 | 1 |
_929380 _aNewell, Robert, _eeditor. |
|
| 942 |
_2ddc _cNRNB |
||
| 999 |
_c16582 _d16582 |
||